Statistics for Every 250K+ City In Pakistan On A Map

Click here to take the quiz!

General Stats

  • This quiz has been taken 244 times
  • The average score is 13 of 29

Answers on the Map

Answers color-coded by a green-red scale on the quiz's map according to % correct below.
 

Answer Stats

RankCityPopulation% Correct
1Karachi14,916,000
98%
2Lahore11,126,000
98%
9Islamabad1,009,000
97%
3Faisalabad3,204,000
87%
4Rawalpindi2,098,000
85%
8Hyderabad1,734,000
83%
6Peshawar1,970,000
78%
10Quetta1,001,000
78%
7Multan1,871,000
70%
5Gujranwala2,027,000
69%
13Sialkot655,000
44%
11Bahawalpur762,000
38%
14Sukkur499,000
37%
20Gujrat390,000
34%
15Larkana490,000
33%
12Sargodha659,000
32%
19Dera Ghazi Khan399,000
31%
17Rahimyar Khan420,000
24%
21Sahiwal389,000
23%
23Mardan358,000
22%
24Kasur358,000
18%
27Nawabshah279,000
18%
16Sheikhupura473,000
18%
22Wah Cantonment380,000
16%
18Jhang414,000
15%
28Chiniot278,000
13%
25Okara357,000
12%
26Mingora331,000
10%
29Kotri259,000
5%

Score Distribution

Percentile by Number Answered

Percent of People with Each Score

Your Score History

You have not taken this quiz